Программное и математическое обеспечение перспективного корреляционно-акустического комплекса обнаружения утечек; Автоматический контроль и автоматизация производственных процессов

Bibliografiske detaljer
Parent link:Автоматический контроль и автоматизация производственных процессов.— 2015.— [С. 230-233]
Hovedforfatter: Черемнов А. Г. Александр Геннадьевич
Corporate Authors: Национальный исследовательский Томский политехнический университет (ТПУ) Институт кибернетики (ИК) Кафедра автоматики и компьютерных систем (АИКС), Национальный исследовательский Томский политехнический университет (ТПУ) Институт кибернетики (ИК) Отдел научно-инновационного развития (ОНИР)
Andre forfattere: Фаерман В. А. Владимир Андреевич, Аврамчук В. С. Валерий Степанович
Summary:Заглавие с экрана
Sprog:russisk
Udgivet: 2015
Serier:Управление информационными ресурсами
Fag:
Online adgang:https://www.belstu.by/book_library/11815/mntk-app-2015.pdf
Format: MixedMaterials Electronisk Book Chapter
KOHA link:https://koha.lib.tpu.ru/cgi-bin/koha/opac-detail.pl?biblionumber=648660

MARC

LEADER 00000naa0a2200000 4500
001 648660
005 20250905144245.0
035 |a (RuTPU)RU\TPU\network\13819 
090 |a 648660 
100 |a 20160530d2015 k y0rusy50 ca 
101 0 |a rus 
102 |a BY 
135 |a drcn ---uucaa 
181 0 |a i  
182 0 |a b 
200 1 |a Программное и математическое обеспечение перспективного корреляционно-акустического комплекса обнаружения утечек  |f А. Г. Черемнов, В. А. Фаерман, В. С. Аврамчук 
203 |a Текст  |c электронный 
225 1 |a Управление информационными ресурсами 
300 |a Заглавие с экрана 
320 |a [Библиогр.: с. 233 (5 назв.)] 
463 |t Автоматический контроль и автоматизация производственных процессов  |o материалы Международной научно-технической конференции, Минск, 22-24 октября 2015 г  |v [С. 230-233]  |d 2015 
610 1 |a электронный ресурс 
610 1 |a труды учёных ТПУ 
700 1 |a Черемнов  |b А. Г.  |g Александр Геннадьевич 
701 1 |a Фаерман  |b В. А.  |c специалист в области информатики и вычислительной техники  |c инженер Томского политехнического университета  |f 1990-  |g Владимир Андреевич  |3 (RuTPU)RU\TPU\pers\32932 
701 1 |a Аврамчук  |b В. С.  |c специалист в области автоматики и компьютерной техники  |c доцент Томского политехнического университета, кандидат технических наук  |f 1978-  |g Валерий Степанович  |3 (RuTPU)RU\TPU\pers\25928 
712 0 2 |a Национальный исследовательский Томский политехнический университет (ТПУ)  |b Институт кибернетики (ИК)  |b Кафедра автоматики и компьютерных систем (АИКС)  |3 (RuTPU)RU\TPU\col\18698 
712 0 2 |a Национальный исследовательский Томский политехнический университет (ТПУ)  |b Институт кибернетики (ИК)  |b Отдел научно-инновационного развития (ОНИР)  |3 (RuTPU)RU\TPU\col\20913 
801 1 |a RU  |b 63413507  |c 20141010 
801 2 |a RU  |b 63413507  |c 20160530  |g RCR 
856 4 |u https://www.belstu.by/book_library/11815/mntk-app-2015.pdf 
942 |c CF